| 000 | 01184nam a22002177a 4500 | ||
|---|---|---|---|
| 999 |
_c59010 _d59010 |
||
| 003 | Ge_BSU | ||
| 005 | 20260323165356.0 | ||
| 008 | 221031s2007 ge ||||| |||| 00| 0 geo d | ||
| 041 | _ageo | ||
| 080 | _a338.22(075.8) შ–46 | ||
| 100 |
_aშენგელია, თეიმურაზ _915664 |
||
| 245 |
_aთანამედროვე ბიზნესის საფუძვლები = Fundamentals of modern business : _b(ნაწ. 1) [სახელმძღვანელო სტუდენტებისათვის]. / _cთეიმურაზ შენგელია ; [რედ. რომან გოცირიძე]. |
||
| 264 |
_aთბილისი : _b[ლოი], _c2007. |
||
| 300 |
_a459 გვ.; _b24 სმ. |
||
| 504 | _aბიბლიოგრაფია ტექსტის შენიშვნებში და გვ. 446-458. | ||
| 653 | _aეკონომიკა | ||
| 653 | _aბიზნესის სახელმძღვანელო | ||
| 653 | _aFundamentals of modern business. | ||
| 700 |
_aგოცირიძე, რომან _eრედაქტორი _9815 |
||
| 942 |
_2udc _cBK |
||